000 00677nam a2200241Ia 4500
003 OSt
005 20220925210211.0
006 a|||||r|||| 00| 0
007 ta
008 220923b |||||||| |||| 00| 0 eng d
037 _cGeneral Book
040 _aRTL
_cRTL
_beng
041 _2eng
_aeng
082 _aB2898, M3
100 _aNeter John, and others
_9272094
245 0 _aApplied linear regression models
260 _aIllinois
_bRichard D Irwin
_c1983
300 _axv,547p
_ccm.
500 _aBibliography chapterwise
650 _aOperational Research
942 _hB2898, M3
_cGB
_2CC
999 _c554406
_d554406